|
|
|
|
| LEADER |
00000cam a2200000 7i4500 |
| 001 |
0000002048 |
| 005 |
20020917.0 |
| 020 |
0 |
0 |
|a 1853128155
|
| 090 |
0 |
0 |
|a R910.28
|b MAN 2000
|
| 245 |
0 |
0 |
|a MANAGEMENT information systems 2000
|c editors, C.A. Brebbia, P. Pascolo
|
| 260 |
0 |
0 |
|a Southampton, Boston :
|b WIT Press ,
|c 2000
|
| 300 |
|
|
|a 500 p. :
|b ill., maps ;
|c 24 cm.
|
| 440 |
0 |
0 |
|a Management Information Systems (WIT Press); v. 1.
|
| 500 |
0 |
0 |
|a Includes bibliographical references and index
|
| 650 |
0 |
0 |
|a Geographic information systems
|
| 650 |
0 |
0 |
|a Remote sensing
|
| 700 |
0 |
1 |
|a Brebbia
|h C. A.
|
| 700 |
0 |
1 |
|a Pascolo
|h P.
|
| 745 |
0 |
0 |
|a International Conference on Management Information Systems Incorporating GIS & Remote Sensing :2nd : 2000 : Lisbon, Portugal?)
|
| 998 |
|
|
|a JPSM
|
| 999 |
|
|
|a 0000003415
|b Monograph
|c Reference
|e Default branch
|